000 00289nam a2200109Ia 4500
005 20251222144841.0
008 251222s9999||||xx |||||||||||||| ||spa||
082 _a658.022.81/S32
245 0 _aServicio Brasileño de Apoyo a las Micro y Pequeñas Empresas
264 _bSEBRAE
942 _cLIB
999 _c21235
_d21235